[Event "Championnat de France - Veterans"]
[Site "Aix-les-Bains"]
[Date "????.??.??"]
[Round "9.4"]
[White "Rodriguez, Jean-Pierre"]
[Black "Peyrin, Jean"]
[Result "1-0"]
[WhiteElo "1915"]
[BlackElo "2011"]
[PlyCount "191"]

1. c4 e5 2. g3 Nc6 3. Bg2 Nf6 4. Nf3 d5 5. cxd5 Nxd5 6. O-O Nb6 7. Nc3 Be7 8.
a3 O-O 9. b4 Be6 10. d3 Nd4 11. Nxe5 Bf6 12. f4 Nb3 13. Bb2 Nxa1 14. Bxa1 c6
15. Ne4 Nd5 16. Qd2 Qb6+ 17. Nc5 Rad8 18. e4 Nc7 19. f5 Na6 20. fxe6 Nxc5 21.
bxc5 Qxc5+ 22. Qf2 Qxf2+ 23. Rxf2 fxe6 24. Bf1 Be7 25. Ra2 Bc5+ 26. Kg2 Bd4 27.
Nf3 Bxa1 28. Rxa1 c5 29. Kf2 Rf6 30. Ke3 Rdf8 31. Be2 h6 32. Ne5 Rd8 33. a4
Rff8 34. a5 Rd6 35. Rb1 Rb8 36. Bd1 b5 37. axb6 Rbxb6 38. Ra1 Ra6 39. Rc1 Ra3
40. Nc4 Raxd3+ 41. Ke2 R6d4 42. Ba4 Rd8 43. Bc6 R3d4 44. Rc2 Rb8 45. Ne5 Rd6
46. Kf3 Rb3+ 47. Kg4 Rb4 48. Rxc5 Rb8 49. Ra5 Rb6 50. Bb5 a6 51. Be8 Rb4 52.
Bg6 Rb5 53. Nc4 Rxa5 54. Nxa5 Rb6 55. Be8 Kf8 56. Bc6 Ke7 57. e5 Rb2 58. h4 Rc2
59. Bb7 Rc5 60. Nc6+ Kd7 61. Nb8+ Ke7 62. Bxa6 Kd8 63. Be2 Rc2 64. Kf3 Rc3+ 65.
Kf4 Rc2 66. Bd3 Rc3 67. Ke4 Kc7 68. Na6+ Kd7 69. Nb4 Rb3 70. Nc2 Rc3 71. h5 Rc7
72. Nd4 Rc1 73. Be2 Re1 74. Ke3 Rg1 75. Kf2 Rc1 76. Bg4 Ke7 77. Nxe6 Rc4 78.
Nf4 Rc5 79. Kf3 Ra5 80. Bf5 Kf7 81. Be6+ Ke7 82. Bc4 Rc5 83. Bd3 Ra5 84. g4 Ke8
85. e6 Ke7 86. Ke4 Ra1 87. Ke5 Re1+ 88. Be4 Rc1 89. Ng6+ Ke8 90. Kd6 Rd1+ 91.
Bd5 Rd2 92. Ne5 Rd1 93. Ng6 Rd2 94. Kc5 Rc2+ 95. Kb6 Rb2+ 96. Kc7 1-0

[Event "Championnat de France - Veterans"]
[Site "Aix-les-Bains"]
[Date "????.??.??"]
[Round "9.5"]
[White "Renault, Jean-Pierre"]
[Black "Labarthe, Arnaud"]
[Result "1-0"]
[WhiteElo "1910"]
[BlackElo "1952"]
[PlyCount "85"]

1. d4 d5 2. Nf3 Bg4 3. Ne5 Be6 4. g3 Nd7 5. Nd3 f6 6. Bg2 c6 7. O-O Bf7 8. e4
dxe4 9. Bxe4 e6 10. Re1 Be7 11. Bg2 g5 12. f4 Qb6 13. Be3 gxf4 14. Nxf4 Qxb2
15. Nd2 O-O-O 16. Rb1 Qa3 17. Qf3 Nb6 18. Qg4 h5 19. Qf3 Nh6 20. Nxh5 Nf5 21.
Nf4 Nxd4 22. Bxd4 Rxd4 23. Nb3 Rd6 24. Bh3 Nd5 25. Bxe6+ Bxe6 26. Nxe6 Rd7 27.
c4 Nb4 28. Qf5 Qxa2 29. Nbc5 Bxc5+ 30. Nxc5 Qxh2+ 31. Kf1 Qh1+ 32. Kf2 Qh2+ 33.
Kf3 Qh7 34. Qxd7+ Qxd7 35. Nxd7 a5 36. Re7 Kc7 37. c5 Kd8 38. Rbe1 Nd5 39. Rf7
Rh2 40. Nxf6 Nxf6 41. Rxf6 Rh5 42. Rf7 Rxc5 43. Rxb7 1-0

[Event "Championnat de France - Veterans"]
[Site "Aix-les-Bains"]
[Date "????.??.??"]
[Round "9.6"]
[White "Dubreuil, Remy"]
[Black "Mengus, Charles"]
[Result "0-1"]
[WhiteElo "2004"]
[BlackElo "1878"]
[PlyCount "50"]

1. e4 e5 2. Nf3 Nc6 3. Bb5 a6 4. Ba4 Nf6 5. O-O Be7 6. Re1 b5 7. Bb3 O-O 8. c3
d5 9. exd5 e4 10. dxc6 exf3 11. d4 Bd6 12. g3 Re8 13. Bg5 Bg4 14. Rxe8+ Qxe8
15. Bxf6 gxf6 16. Nd2 Qxc6 17. Nf1 Re8 18. Qd3 Bh5 19. Bd1 Qd5 20. Ne3 Qg5 21.
Bc2 Bg6 22. Qd2 f5 23. Bd3 f4 24. Nc2 Qg4 25. Bf1 fxg3 0-1

[Event "Championnat de France - Veterans"]
[Site "Aix-les-Bains"]
[Date "????.??.??"]
[Round "9.7"]
[White "Laval, Hubert"]
[Black "Hoyer, Hans-Gerd"]
[Result "1/2-1/2"]
[WhiteElo "1910"]
[BlackElo "2137"]
[PlyCount "76"]

1. Nf3 d6 2. d4 g6 3. c4 Bg7 4. Nc3 Bg4 5. h3 Bxf3 6. gxf3 Nd7 7. e4 e5 8. dxe5
dxe5 9. h4 c6 10. Be3 Qc7 11. Qd2 Ne7 12. O-O-O f5 13. Bh6 Bf6 14. Bg5 O-O-O
15. Bh3 h6 16. Bxf6 Nxf6 17. Qc2 Rxd1+ 18. Rxd1 Nh5 19. exf5 Nf4 20. Bg4 h5 21.
f6+ hxg4 22. fxe7 gxf3 23. Qe4 Qxe7 24. Re1 Qxh4 25. Qxf3 Qxf2 26. Qxf2 Nd3+
27. Kd2 Nxf2 28. Rxe5 Kd7 29. Rg5 Rh6 30. Ke3 Nh3 31. Rg3 Ke6 32. b4 Kf5 33.
Ne4 g5 34. Rf3+ Ke5 35. Rf7 b6 36. Rxa7 Re6 37. Rf7 b5 38. cxb5 cxb5 1/2-1/2

[Event "Championnat de France - Veterans"]
[Site "Aix-les-Bains"]
[Date "????.??.??"]
[Round "9.8"]
[White "Lapierre, Jacques"]
[Black "Danzanvilliers, Patrice"]
[Result "1/2-1/2"]
[WhiteElo "2030"]
[BlackElo "1858"]
[PlyCount "49"]

1. h3 e5 2. e4 Nc6 3. Bc4 Bc5 4. Nf3 Nf6 5. d3 d5 6. exd5 Nxd5 7. O-O O-O 8.
Bg5 Be7 9. Bxd5 Qxd5 10. Nc3 Qa5 11. Bxe7 Nxe7 12. Re1 Ng6 13. a3 c6 14. Qe2 f6
15. d4 Re8 16. Ne4 Qc7 17. Ng3 Bd7 18. Qc4+ Be6 19. Qc3 Bd5 20. dxe5 Bxf3 21.
Qxf3 Nxe5 22. Qf4 Qf7 23. b3 Ng6 24. Qd4 Red8 25. Qe3 1/2-1/2

[Event "Championnat de France - Veterans"]
[Site "Aix-les-Bains"]
[Date "????.??.??"]
[Round "9.9"]
[White "Guillaumat, Jean-Pierre"]
[Black "Brixhe, Abel"]
[Result "1-0"]
[WhiteElo "2015"]
[BlackElo "1960"]
[PlyCount "75"]

1. d4 g6 2. e4 d6 3. c4 Bg7 4. Nc3 e6 5. Be2 b6 6. Nf3 Ne7 7. O-O O-O 8. Be3 h6
9. Qd2 Kh7 10. Rad1 Nd7 11. Qc1 Bb7 12. d5 e5 13. h3 a5 14. Nd2 Nc5 15. f4 exf4
16. Bxf4 g5 17. Be3 Bc8 18. Nf3 Ng6 19. Nd4 Ne5 20. Nf5 Bxf5 21. Rxf5 Qe7 22.
Qc2 f6 23. a3 a4 24. Bxc5 bxc5 25. Nxa4 Qd7 26. Nc3 Rfe8 27. Rdf1 Reb8 28. Nb5
Qe7 29. a4 Rf8 30. b3 Qd8 31. Rb1 c6 32. dxc6 Nxc6 33. Rd1 Qe7 34. Bf3 Rfd8 35.
Qd2 Rd7 36. Rxc5 Ne5 37. Rd5 Rad8 38. Nxd6 1-0

[Event "Championnat de France - Veterans"]
[Site "Aix-les-Bains"]
[Date "????.??.??"]
[Round "9.10"]
[White "Hirschmann, Georges"]
[Black "Cousin, Philippe"]
[Result "1/2-1/2"]
[WhiteElo "1942"]
[BlackElo "2004"]
[PlyCount "92"]

1. Nf3 d5 2. d4 c5 3. g3 Nc6 4. Bg2 Nf6 5. O-O e6 6. Bg5 h6 7. Be3 cxd4 8. Nxd4
e5 9. Nxc6 bxc6 10. c4 Bb7 11. Qa4 Qd7 12. Rd1 d4 13. f4 Ng4 14. Bc1 Bd6 15. h3
Nf6 16. e3 O-O 17. c5 Bc7 18. exd4 Rfd8 19. Nc3 exd4 20. Be3 d3 21. Rd2 a5 22.
Rad1 Qe6 23. Bf2 Rab8 24. Rxd3 Rxd3 25. Rxd3 Ba6 26. Rd2 Bb5 27. Nxb5 Rxb5 28.
b3 h5 29. Rd4 Kh7 30. Qc4 Qe8 31. Qc2+ g6 32. Bf1 Rb8 33. Qd2 Qe7 34. Qc2 Re8
35. Qc1 Ne4 36. Rd3 Nxf2 37. Kxf2 Qe6 38. Re3 Qd7 39. Rxe8 Qxe8 40. Qe3 Qd7 41.
Bg2 f5 42. Ke2 Bd8 43. a3 Bf6 44. Qd3 Qe6+ 45. Qe3 Qd7 46. Qd3 Qe7+ 1/2-1/2

[Event "Championnat de France - Veterans"]
[Site "Aix-les-Bains"]
[Date "2007.08.24"]
[Round "10.1"]
[White "Goldenberg, Richard"]
[Black "Renault, Jean-Pierre"]
[Result "1-0"]
[WhiteElo "2322"]
[BlackElo "1910"]
[PlyCount "68"]
[EventDate "2007.??.??"]

1. d4 f5 2. Bg5 c6 3. c4 g6 4. Nc3 Bg7 5. e3 Nf6 6. Bd3 d6 7. f4 Na6 8. Nf3 Nc7
9. Qe2 O-O 10. O-O Rb8 11. Rfe1 Ne6 12. Bh4 a6 13. Rac1 b5 14. cxb5 axb5 15. b4
Qb6 16. Kh1 Ra8 17. Bc2 Kh8 18. Bb3 Bd7 19. Qd3 Nc7 20. Ng5 Ncd5 21. Nxd5 Nxd5
22. Qd2 h6 23. Nf3 Nf6 24. Qd3 e6 25. Re2 Ra3 26. Rec2 Nd5 27. Qd2 Re8 28. h3
Nf6 29. Qe1 Ne4 30. Nd2 Nf6 31. Nf3 Ra7 32. Qg1 Kh7 33. g4 fxg4 34. hxg4 Qb7
1-0

[Event "Championnat de France - Veterans"]
[Site "Aix-les-Bains"]
[Date "2007.08.24"]
[Round "10.2"]
[White "Vaisman, Volodia"]
[Black "Molet, Asher"]
[Result "1-0"]
[WhiteElo "2346"]
[BlackElo "1924"]
[PlyCount "75"]
[EventDate "2007.??.??"]

1. d4 d5 2. Nf3 e6 3. c4 Nf6 4. Nc3 Be7 5. Bg5 Nbd7 6. e3 O-O 7. Rc1 a6 8. cxd5
exd5 9. Bd3 Re8 10. O-O c6 11. h3 Nf8 12. Ne5 Ng6 13. f4 Nd7 14. Bxe7 Qxe7 15.
Qh5 Nf6 16. Qe2 Nf8 17. Rce1 Ne6 18. g4 Nd7 19. Nf3 Ndf8 20. Qc2 Bd7 21. Rf2
Rad8 22. h4 Bc8 23. f5 Nc7 24. g5 Qd6 25. Rg2 Nb5 26. a3 Nxc3 27. Qxc3 Bd7 28.
Ne5 c5 29. Ng4 c4 30. Bc2 b5 31. h5 b4 32. axb4 Rb8 33. h6 Rec8 34. hxg7 Kxg7
35. e4 Qxb4 36. Qg3 Re8 37. e5 Qxb2 38. Rd1 1-0

[Event "Championnat de France - Veterans"]
[Site "Aix-les-Bains"]
[Date "2007.08.24"]
[Round "10.3"]
[White "Mengus, Charles"]
[Black "Rodriguez, Jean-Pierre"]
[Result "0-1"]
[WhiteElo "1878"]
[BlackElo "1915"]
[PlyCount "90"]
[EventDate "2007.??.??"]

1. e4 c6 2. d4 d5 3. e5 c5 4. c3 Nc6 5. Nf3 Bg4 6. Bb5 e6 7. O-O Nge7 8. h3
Bxf3 9. Qxf3 cxd4 10. cxd4 Qb6 11. Qd3 a6 12. Bxc6+ Nxc6 13. Rd1 Rc8 14. a3
Qxd4 15. Qxd4 Nxd4 16. Nc3 Bc5 17. Kf1 O-O 18. Rd3 b5 19. b4 Bb6 20. Rb1 Nc6
21. Bf4 Ne7 22. Rbd1 Rc4 23. Bg3 Rfc8 24. Ne2 Ng6 25. f4 Ne7 26. Bf2 Bxf2 27.
Kxf2 h5 28. Kf3 Nc6 29. g4 hxg4+ 30. hxg4 g5 31. Nd4 gxf4 32. Nxc6 R8xc6 33.
Rd4 Rxd4 34. Rxd4 Rc3+ 35. Kxf4 Rxa3 36. Kg5 Kg7 37. Kh5 Re3 38. Rd2 Rxe5+ 39.
Kh4 Re4 40. Ra2 Rxb4 41. Rxa6 Re4 42. Kh5 d4 43. Ra5 Re5+ 44. g5 d3 45. Ra2 Rd5
0-1

[Event "Championnat de France - Veterans"]
[Site "Aix-les-Bains"]
[Date "2007.08.24"]
[Round "10.4"]
[White "Rosenfeld, Imre"]
[Black "Duval, Michel"]
[Result "1/2-1/2"]
[WhiteElo "2026"]
[BlackElo "1827"]
[PlyCount "80"]
[EventDate "2007.??.??"]

1. d4 f5 2. Bg5 c6 3. Nd2 g6 4. c3 Bg7 5. Qc2 Nf6 6. h4 d5 7. Ngf3 Nbd7 8. e3
Ne4 9. Bf4 Ndf6 10. Be5 Nxd2 11. Nxd2 Kf7 12. Be2 Nd7 13. Bxg7 Kxg7 14. Nf3 Nf6
15. Ne5 Nd7 16. Nd3 Qe8 17. O-O-O e5 18. Rdg1 e4 19. Nf4 h5 20. Qd2 Nf6 21. Bd1
b5 22. f3 a5 23. g4 fxg4 24. fxg4 Nxg4 25. Rg2 Bf5 26. Rhg1 Rh6 27. Qe1 Kh7 28.
Qg3 Qf7 29. Nh3 Kh8 30. Ng5 Qd7 31. Qf4 Kg7 32. Bxg4 hxg4 33. Rh2 Re8 34. a3
Re7 35. Rgh1 Qc7 36. Qxc7 Rxc7 37. Kd2 Kf6 38. Ke1 Rc8 39. Kf2 Rch8 40. Kg3 a4
1/2-1/2

[Event "Championnat de France - Veterans"]
[Site "Aix-les-Bains"]
[Date "2007.08.24"]
[Round "10.5"]
[White "Guillaumat, Jean-Pierre"]
[Black "Birens, Eric-Andre"]
[Result "0-1"]
[WhiteElo "2015"]
[BlackElo "2021"]
[PlyCount "78"]
[EventDate "2007.??.??"]

1. d4 Nf6 2. Nf3 c5 3. d5 g6 4. c4 Bg7 5. Nc3 e6 6. dxe6 fxe6 7. e4 O-O 8. Bd3
Nc6 9. O-O d5 10. cxd5 exd5 11. exd5 Nb4 12. Bc4 Bg4 13. a3 Bxf3 14. Qxf3 Nc2
15. Ra2 Nd4 16. d6+ Kh8 17. Qxb7 Qxd6 18. g3 Rab8 19. Qg2 Nh5 20. f4 Nf6 21. b3
Rfe8 22. Rd2 Ng4 23. Rd3 Qf8 24. h3 Nf6 25. Nd5 Re2 26. Rf2 Re1+ 27. Rf1 Ne2+
28. Kh2 Nxc1 29. Re3 Rxe3 30. Nxe3 Nxb3 31. f5 Nd4 32. fxg6 Qe7 33. Ng4 Nxg4+
34. hxg4 Qe3 35. Rf4 Ne6 36. Re4 Qh6+ 37. Kg1 Rb1+ 38. Kf2 Qd2+ 39. Be2 Bd4+
0-1

[Event "Championnat de France - Veterans"]
[Site "Aix-les-Bains"]
[Date "2007.08.24"]
[Round "10.6"]
[White "Labarthe, Arnaud"]
[Black "Hoyer, Hans-Gerd"]
[Result "0-1"]
[WhiteElo "1952"]
[BlackElo "2137"]
[PlyCount "94"]
[EventDate "2007.??.??"]

1. d4 d6 2. e4 Nf6 3. Nc3 e5 4. dxe5 dxe5 5. Qxd8+ Kxd8 6. Bc4 Be6 7. Bxe6 fxe6
8. Nf3 Bd6 9. Be3 a6 10. O-O-O Ke7 11. Bg5 Nbd7 12. h3 b5 13. Nd2 Rhb8 14. Rde1
a5 15. Rhf1 a4 16. f4 h6 17. Bxf6+ gxf6 18. f5 Bb4 19. Re3 c6 20. Rg3 Rg8 21.
Rxg8 Rxg8 22. g4 a3 23. Ncb1 axb2+ 24. Kxb2 Nc5 25. c3 Ba5 26. Nb3 Na4+ 27. Kc2
Bb6 28. fxe6 Kxe6 29. Rf5 Be3 30. Rf3 Bf4 31. N1d2 c5 32. Nc1 c4 33. Ne2 Bg5
34. Ng3 Nc5 35. Rf1 Rd8 36. Rd1 Ra8 37. Nf3 Rxa2+ 38. Kb1 Rg2 39. Rg1 Rf2 40.
Nxg5+ hxg5 41. Re1 Rf3 42. Nf5 Rxc3 43. Ng7+ Kf7 44. Nf5 Rxh3 45. Rd1 Rb3+ 46.
Ka2 c3 47. Rd7+ Ke8 0-1

[Event "Championnat de France - Veterans"]
[Site "Aix-les-Bains"]
[Date "2007.08.24"]
[Round "10.7"]
[White "Papet, Bernard"]
[Black "Lapierre, Jacques"]
[Result "1-0"]
[WhiteElo "1876"]
[BlackElo "2030"]
[PlyCount "91"]
[EventDate "2007.??.??"]

1. Nc3 e6 2. e4 d5 3. d4 Bb4 4. a3 Bf8 5. Bd3 dxe4 6. Nxe4 Bd7 7. Nf3 Nf6 8.
Bg5 Be7 9. Nc5 b6 10. Nxd7 Nbxd7 11. O-O O-O 12. Qe2 c5 13. c3 Rc8 14. Rad1 Qc7
15. Ba6 Rcd8 16. Bh4 Nd5 17. Bg3 Bd6 18. Ne5 Bxe5 19. dxe5 Nb8 20. Bd3 Qe7 21.
c4 Nc7 22. Qe4 g6 23. Bh4 Qe8 24. Bf6 Qc6 25. Qe3 Rd4 26. Qh6 Ne8 27. Be7 Nd7
28. Bxf8 Nxf8 29. h4 Ng7 30. Bc2 Rxc4 31. Bb1 Qc7 32. Qg5 Nf5 33. Bxf5 exf5 34.
Rd5 Ne6 35. Qf6 Rd4 36. Rd1 Qc6 37. Rd6 Rxd1+ 38. Rxd1 Qa4 39. b3 Qe8 40. g3 h5
41. f3 Nd4 42. Kf2 Qa8 43. Rd3 Qd5 44. g4 c4 45. bxc4 Qxc4 46. Qd8+ 1-0

[Event "Championnat de France - Veterans"]
[Site "Aix-les-Bains"]
[Date "2007.08.24"]
[Round "10.8"]
[White "Andrieu, Philippe"]
[Black "Hirschmann, Georges"]
[Result "1-0"]
[WhiteElo "2028"]
[BlackElo "1942"]
[PlyCount "163"]
[EventDate "2007.??.??"]

1. d4 Nf6 2. Bg5 e6 3. e4 h6 4. Bxf6 Qxf6 5. e5 Qd8 6. Nf3 b6 7. Bd3 Bb7 8. O-O
c5 9. c3 Be7 10. Nbd2 d5 11. exd6 Bxd6 12. Qe2 Nd7 13. Rad1 cxd4 14. Nxd4 O-O
15. N2f3 a6 16. Bc2 Qb8 17. h3 Re8 18. Rfe1 Nf6 19. Qd3 Qc7 20. Nxe6 Rxe6 21.
Rxe6 fxe6 22. Qxd6 Qxd6 23. Rxd6 Bd5 24. Rxb6 Bxa2 25. b3 a5 26. Ne5 Rd8 27. c4
Bb1 28. Nc6 Rd2 29. Rb8+ Kf7 30. Ne5+ Ke7 31. Nc6+ Kf7 32. Rb7+ Kf8 33. Bxb1
Rd1+ 34. Kh2 Rxb1 35. Nxa5 Ne4 36. Rd7 Nc5 37. Rd8+ Kf7 38. Rb8 Nd3 39. Nc6 e5
40. b4 Rb2 41. Kg3 e4 42. Rb5 g5 43. Ne5+ Nxe5 44. Rxe5 Rxb4 45. Rxe4 Kf6 46.
h4 Kf5 47. Rg4 Rb3+ 48. f3 Rc3 49. hxg5 hxg5 50. Rd4 Rc2 51. Rd5+ Kf6 52. c5
Kg6 53. Rd6+ Kf5 54. c6 Ke5 55. Rh6 Kf5 56. Kh3 Rc1 57. g4+ Ke5 58. Kg3 Rg1+
59. Kf2 Rc1 60. Rg6 Kf4 61. Rf6+ Ke5 62. Rf5+ Kd4 63. Rxg5 Rxc6 64. Rf5 Rg6 65.
Kg3 Rh6 66. g5 Rg6 67. Kg4 Ra6 68. Rf6 Ra1 69. Kf5 Ra5+ 70. Kg6 Ra3 71. Kh6 Ra1
72. g6 Ke5 73. Rb6 Rh1+ 74. Kg7 Rf1 75. Rb3 Ke6 76. Kf8 Ra1 77. Rb6+ Kf5 78. g7
Ra8+ 79. Kf7 Ra7+ 80. Kg8 Ra1 81. Kh7 Rh1+ 82. Rh6 1-0

[Event "Championnat de France - Veterans"]
[Site "Aix-les-Bains"]
[Date "2007.08.24"]
[Round "10.9"]
[White "Peyrin, Jean"]
[Black "Laval, Hubert"]
[Result "1/2-1/2"]
[WhiteElo "2011"]
[BlackElo "1910"]
[PlyCount "109"]
[EventDate "2007.??.??"]

1. d4 Nf6 2. c4 e6 3. Nf3 b6 4. a3 Be7 5. Nc3 Bb7 6. d5 exd5 7. cxd5 d6 8. e4
Nbd7 9. Bd3 O-O 10. O-O Nc5 11. Bc2 a5 12. Bf4 Re8 13. Re1 Bf8 14. Bg5 h6 15.
Bh4 g5 16. Bg3 Nh5 17. Nd4 Nxg3 18. hxg3 Qf6 19. Rc1 Re5 20. Ncb5 Qd8 21. b4
axb4 22. axb4 Na6 23. Qd2 Qd7 24. Bd1 Ree8 25. Nc6 Bg7 26. Nbd4 Rf8 27. Nf5
Bxc6 28. Rxc6 Nb8 29. Nxg7 Kxg7 30. Qc3+ Kg8 31. Rxc7 Qd8 32. Bg4 Qe8 33. Qf6
Qe5 34. Qxh6 Na6 35. Rc6 Nxb4 36. Rxd6 Nd3 37. Bf5 Qg7 38. Qxg7+ Kxg7 39. Rd1
Nb2 40. Rb1 Nc4 41. Rc6 Ra4 42. Rd1 b5 43. Rc5 Nd6 44. f3 b4 45. Rb1 Rb8 46.
Bd7 Ra7 47. Bc6 f6 48. f4 b3 49. e5 b2 50. Rxb2 Rxb2 51. exd6 gxf4 52. gxf4
Raa2 53. d7 Rxg2+ 54. Kf1 Rgf2+ 55. Ke1 1/2-1/2

[Event "Championnat de France - Veterans"]
[Site "Aix-les-Bains"]
[Date "2007.08.24"]
[Round "10.10"]
[White "Cousin, Philippe"]
[Black "Danzanvilliers, Patrice"]
[Result "0-1"]
[WhiteElo "2004"]
[BlackElo "1858"]
[PlyCount "96"]
[EventDate "2007.??.??"]

1. d4 Nf6 2. Nf3 b5 3. g3 Bb7 4. Bg2 g6 5. O-O Bg7 6. c3 O-O 7. Re1 d6 8. Nbd2
Nbd7 9. e4 e5 10. Qc2 Qe7 11. dxe5 dxe5 12. h3 Nb6 13. Nb3 a5 14. Bg5 Nc4 15.
Rad1 Rfd8 16. Nh2 a4 17. Nd2 Nxd2 18. Rxd2 h6 19. Bxf6 Bxf6 20. Red1 Bg5 21.
Rxd8+ Rxd8 22. h4 Bf6 23. Ng4 Bg7 24. Ne3 c6 25. Rd3 Bf8 26. Qd1 Rxd3 27. Qxd3
Qd6 28. Qe2 Qc5 29. h5 Bc8 30. Qf3 Qd6 31. Kh2 Bg7 32. a3 Qd2 33. hxg6 fxg6 34.
Qd1 Qxf2 35. Qd8+ Qf8 36. Qc7 Qe8 37. c4 Qd7 38. Qxd7 Bxd7 39. cxb5 cxb5 40.
Nd5 Kf7 41. Bf1 Bf8 42. Kg2 Bc5 43. Kf3 Bd4 44. Nc7 Bxb2 45. Bxb5 Bxb5 46. Nxb5
Ke7 47. Nc7 Kd6 48. Nd5 Kc5 0-1

[Event "Championnat de France - Vétérans"]
[Site "Aix-les-Bains"]
[Date "2007.08.25"]
[Round "11.1"]
[White "Rodriguez, Jean-Pierre"]
[Black "Goldenberg, Richard"]
[Result "0-1"]
[WhiteElo "1915"]
[BlackElo "2322"]
[PlyCount "80"]
[EventDate "2007.??.??"]

1. c4 g6 2. g3 Bg7 3. Bg2 e5 4. Nc3 Ne7 5. Nf3 d6 6. d4 Nd7 7. e4 exd4 8. Nxd4
O-O 9. O-O Nc6 10. Nxc6 bxc6 11. Qc2 a5 12. Rb1 Re8 13. Ne2 Qe7 14. Be3 Nf6 15.
Nc3 Ng4 16. Bd2 Bd4 17. Be1 f5 18. Rd1 Bxc3 19. Bxc3 fxe4 20. Rde1 Bf5 21. Qd2
Qf7 22. b3 Ne5 23. Re3 a4 24. h3 h5 25. g4 hxg4 26. hxg4 Nxg4 27. Rg3 axb3 28.
axb3 Rab8 29. Bb2 Re6 30. Qf4 Ne5 31. Bxe4 Bxe4 32. Qxe4 Rf8 33. f4 Nd7 34. Qd4
Rf6 35. Rf2 Ne5 36. Bc1 Qe6 37. Re2 Nf3+ 38. Rxf3 Qxe2 39. Rf1 Qg4+ 40. Kh2
R8f7 0-1

[Event "Championnat de France - Vétérans"]
[Site "Aix-les-Bains"]
[Date "2007.08.25"]
[Round "11.2"]
[White "Renault, Jean-Pierre"]
[Black "Vaisman, Volodia"]
[Result "0-1"]
[WhiteElo "1910"]
[BlackElo "2346"]
[PlyCount "84"]
[EventDate "2007.??.??"]

1. c4 g6 2. g3 Bg7 3. Bg2 c5 4. Nc3 Nc6 5. Nf3 a6 6. O-O Rb8 7. a3 b5 8. cxb5
axb5 9. d3 Nf6 10. Be3 d6 11. Qd2 O-O 12. b4 cxb4 13. axb4 Ng4 14. Rab1 Nxe3
15. fxe3 Bh6 16. d4 e6 17. Qd3 Ne7 18. e4 Qb6 19. Kh1 Bd7 20. e3 Rbc8 21. Ne2
Bc6 22. g4 Qb7 23. Ng3 Ra8 24. Rb2 Ra4 25. h4 Qa8 26. g5 Bg7 27. h5 Ra3 28. Qe2
Bxe4 29. hxg6 fxg6 30. Rf2 Bd5 31. e4 Bc4 32. Qe1 Nc6 33. e5 Bd5 34. Ne4 dxe5
35. dxe5 Ra1 36. Rb1 Rxb1 37. Qxb1 Nxe5 38. Nf6+ Bxf6 39. gxf6 Ng4 40. Rf1 Ne3
41. Rf2 Nxg2 42. Kxg2 Rxf6 0-1

[Event "Championnat de France - Vétérans"]
[Site "Aix-les-Bains"]
[Date "2007.08.25"]
[Round "11.3"]
[White "Birens, Eric-Andre"]
[Black "Andrieu, Philippe"]
[Result "0-1"]
[WhiteElo "2021"]
[BlackElo "2028"]
[PlyCount "108"]
[EventDate "2007.??.??"]

1. d4 c5 2. d5 d6 3. c4 g6 4. e4 Bg7 5. Nc3 Nf6 6. h3 O-O 7. Bd3 e6 8. Nf3 exd5
9. cxd5 a6 10. a4 Re8 11. O-O Qc7 12. Bf4 Nbd7 13. Re1 Nh5 14. Bh2 c4 15. Bf1
Rb8 16. g4 Bxc3 17. bxc3 Ng7 18. e5 dxe5 19. Qd2 b5 20. axb5 axb5 21. Qh6 Bb7
22. Ng5 Nf8 23. Bg2 Qd8 24. Bxe5 Rxe5 25. Rxe5 f6 26. Ne6 Ngxe6 27. Rxe6 Nxe6
28. dxe6 Bxg2 29. Kxg2 Qd5+ 30. Kg1 Qc5 31. Qf4 Rf8 32. Re1 Qe7 33. Qe4 f5 34.
Qd5 fxg4 35. hxg4 Rb8 36. Re3 Rd8 37. Qxb5 Qh4 38. Qe5 Rd1+ 39. Kg2 Qh1+ 40.
Kg3 Rg1+ 41. Kf4 Qh2+ 42. Ke4 Qh1+ 43. Kd4 Rxg4+ 44. Kc5 Qa8 45. f4 Qa5+ 46.
Kxc4 Rxf4+ 47. Kd3 Qa6+ 48. Kd2 Rf2+ 49. Re2 Rxe2+ 50. Qxe2 Qxe2+ 51. Kxe2 Kf8
52. Ke3 Ke7 53. Kd4 Kxe6 54. Kc5 Kd7 0-1

[Event "Championnat de France - Vétérans"]
[Site "Aix-les-Bains"]
[Date "2007.08.25"]
[Round "11.4"]
[White "Hoyer, Hans-Gerd"]
[Black "Marbot, Raymond"]
[Result "1-0"]
[WhiteElo "2137"]
[BlackElo "1834"]
[PlyCount "95"]
[EventDate "2007.??.??"]

1. e4 e6 2. d3 d5 3. Nd2 c5 4. Ngf3 Nc6 5. g3 Nf6 6. Bg2 Be7 7. O-O O-O 8. Re1
b6 9. e5 Nd7 10. c3 Qc7 11. Qe2 Ba6 12. Nf1 Rac8 13. Bf4 d4 14. h4 Rfe8 15.
N1h2 c4 16. dxc4 dxc3 17. b3 Ba3 18. Bc1 Bc5 19. Bf4 Ba3 20. h5 Bb7 21. Ng4 a6
22. Bc1 Bc5 23. Qd3 Nf8 24. Bg5 Qd7 25. Red1 Qxd3 26. Rxd3 Ba3 27. h6 Nb4 28.
Rxc3 Bb2 29. Rcc1 Bxc1 30. Rxc1 Nxa2 31. Ra1 Nc3 32. hxg7 Nd7 33. Bf6 Nxf6 34.
exf6 h6 35. Nxh6+ Kh7 36. Ng4 Rc7 37. Nfe5 Rd8 38. Bf1 a5 39. Bd3+ Rxd3 40.
Nxd3 Bf3 41. Nge5 Be4 42. Nf4 Kg8 43. f3 Bb1 44. b4 Ra7 45. Ng4 Ra8 46. bxa5
bxa5 47. Rxa5 Rd8 48. Nh6+ 1-0

[Event "Championnat de France - Vétérans"]
[Site "Aix-les-Bains"]
[Date "2007.08.25"]
[Round "11.5"]
[White "Molet, Asher"]
[Black "Rosenfeld, Imre"]
[Result "1/2-1/2"]
[WhiteElo "1924"]
[BlackElo "2026"]
[PlyCount "52"]
[EventDate "2007.??.??"]

1. d4 d5 2. Nf3 Nf6 3. Bf4 c6 4. e3 Bf5 5. Bd3 Bxd3 6. cxd3 e6 7. O-O Nbd7 8.
h3 Be7 9. Nbd2 O-O 10. Rc1 Rc8 11. Nb3 Qb6 12. Rc2 Bd8 13. Qd2 Bc7 14. Bxc7
Qxc7 15. Rfc1 e5 16. dxe5 Nxe5 17. Nxe5 Qxe5 18. Qc3 Qxc3 19. Rxc3 Ne8 20. Nd4
Nd6 21. b4 a6 22. a4 Rfe8 23. g4 g6 24. Kg2 Kf8 25. Kg3 h6 26. h4 Ke7 1/2-1/2

[Event "Championnat de France - Vétérans"]
[Site "Aix-les-Bains"]
[Date "2007.08.25"]
[Round "11.6"]
[White "Danzanvilliers, Patrice"]
[Black "Mengus, Charles"]
[Result "0-1"]
[WhiteElo "1858"]
[BlackElo "1878"]
[PlyCount "28"]
[EventDate "2007.??.??"]

1. e4 e5 2. Nf3 Nc6 3. Bc4 Nf6 4. Ng5 Bc5 5. Bxf7+ Ke7 6. Bb3 Rf8 7. Nc3 d6 8.
h3 Qe8 9. d3 Qg6 10. Be3 Bxe3 11. fxe3 Qxg5 12. Qf3 Bd7 13. O-O-O Nd4 14. Qf2
c6 0-1

[Event "Championnat de France - Vétérans"]
[Site "Aix-les-Bains"]
[Date "2007.08.25"]
[Round "11.7"]
[White "Duval, Michel"]
[Black "Guillaumat, Jean-Pierre"]
[Result "0-1"]
[WhiteElo "1827"]
[BlackElo "2015"]
[PlyCount "60"]
[EventDate "2007.??.??"]

1. e4 c5 2. Nf3 e6 3. d4 cxd4 4. Nxd4 a6 5. Be3 Nf6 6. f3 Qc7 7. Be2 b5 8. a4
b4 9. b3 d5 10. Bd3 Bb7 11. Nd2 Nbd7 12. Bf2 Bd6 13. g3 O-O 14. O-O Nc5 15. Qe2
g6 16. Qe3 dxe4 17. fxe4 Ng4 18. Qe2 Nxf2 19. Rxf2 Be5 20. N2f3 Bg7 21. e5 Rad8
22. Qe3 Nxd3 23. cxd3 Qb6 24. Re1 Bd5 25. Rc2 Rc8 26. Nd2 Bh6 27. Qf2 Rxc2 28.
Nxc2 Qxf2+ 29. Kxf2 Bxd2 30. Rb1 Rc8 0-1

[Event "Championnat de France - Vétérans"]
[Site "Aix-les-Bains"]
[Date "2007.08.25"]
[Round "11.8"]
[White "Bernieri, Francois"]
[Black "Peyrin, Jean"]
[Result "1-0"]
[WhiteElo "1760"]
[BlackElo "2011"]
[PlyCount "81"]
[EventDate "2007.??.??"]

1. e4 c5 2. Nf3 e6 3. c3 g6 4. d4 cxd4 5. cxd4 d5 6. e5 Nc6 7. Be2 Nh6 8. O-O
Bg7 9. Nc3 a6 10. Bg5 Qa5 11. Qd2 Ng8 12. Be3 h6 13. h3 Nge7 14. a3 Nf5 15. Bf4
Qd8 16. g4 Nh4 17. Nxh4 Qxh4 18. Kg2 Qd8 19. Be3 b5 20. Rac1 Bb7 21. b4 Nxe5
22. dxe5 d4+ 23. Kg1 dxe3 24. Qxe3 O-O 25. f4 Qh4 26. Kh2 Rfd8 27. Bf3 Bxf3 28.
Rxf3 Rac8 29. Ne4 Rxc1 30. Qxc1 Bf8 31. f5 exf5 32. Nf6+ Kg7 33. gxf5 Qd4 34.
Qf4 Qxf4+ 35. Rxf4 Be7 36. Ne4 gxf5 37. Rxf5 Rd3 38. Rf4 Rxa3 39. Nf6 Bxb4 40.
Rg4+ Kf8 41. Rg8+ 1-0